000 00341nam a22001457a 4500
008 210427b ||||| |||| 00| 0 eng d
020 _a2900435088636
041 _aeng
080 _a37
082 _a37
100 _a46
101 _aEDU
245 _aGuided Reading Good First Teaching for All Children
_cFountas,I.C
942 _2udc
_cBK
999 _c56803
_d56803